01017nam a22002657a 4500003000500000005001700005008004100022010001000063011001000073035001000083040000900093082001500102111010200117245006800219260006300287300001100350490003800361650004000399650002500439650001800464650003100482711010100513711010100614830003600715CHAP20220817042919.0971013s1990 r 10010 d a59729 a60701 a64863 cCHAP a338.1bM4900aMesa Redonda sobre Abatimiento de Costos en la Producción Agrícola (d1990c: México, D.F.) aProblemática del desarrollo tecnológico nacionalb: memoria aMéxico, D.F. :bAcademia Mexicana de Ingeniería,c1990 a250 p. aAlternativas tecnológicasv; 3214aAgriculturaxAspectos económicos.14aAgriculturaxCostos.14aIngeniería.14aMecanización agrícola.0 aMesa Redonda sobre Abatimiento de Costos en la Mecanización Agrícola (1990 : México, D.F.)0 aSimposio sobre la Ingeniería Urbanística en el Desarrollo del País (1990 : México, D.F.)0 aAlternativas tecnologicasv; 32